<?xml version="1.0" encoding="UTF-8"?>
<record
    xmlns:xsi="http://www.w3.org/2001/XMLSchema-instance"
    xsi:schemaLocation="http://www.loc.gov/MARC21/slim http://www.loc.gov/standards/marcxml/schema/MARC21slim.xsd"
    xmlns="http://www.loc.gov/MARC21/slim">

  <leader>01200nam a2200241   4500</leader>
  <controlfield tag="001">1550</controlfield>
  <controlfield tag="003">BR-CuiBMT</controlfield>
  <controlfield tag="005">20231217141857.0</controlfield>
  <controlfield tag="008">231214s2012    dfba         f001 p por d</controlfield>
  <datafield tag="040" ind1=" " ind2=" ">
    <subfield code="a">BR-CuiBMT</subfield>
    <subfield code="c">BR-CuiBMT</subfield>
  </datafield>
  <datafield tag="080" ind1=" " ind2=" ">
    <subfield code="2">2007</subfield>
    <subfield code="a">82-1</subfield>
    <subfield code="x">(817.2)</subfield>
  </datafield>
  <datafield tag="090" ind1=" " ind2=" ">
    <subfield code="a">82-1(817.2)</subfield>
    <subfield code="b">B823v</subfield>
  </datafield>
  <datafield tag="110" ind1="1" ind2=" ">
    <subfield code="a">Brasil.</subfield>
    <subfield code="b">Congresso Nacional.</subfield>
    <subfield code="b">Senado Federal.</subfield>
    <subfield code="b">Comiss&#xE3;o de Meio Ambiente, Defesa do Consumidor e Fiscaliza&#xE7;&#xE3;o e Controle.</subfield>
  </datafield>
  <datafield tag="245" ind1="1" ind2="0">
    <subfield code="a">Vida :</subfield>
    <subfield code="b">uma poesia ao cerrado /</subfield>
    <subfield code="c">Senado Federal, Comiss&#xE3;o de Meio Ambiente, Defesa do Consumidor e Fiscaliza&#xE7;&#xE3;o e Controle ; fotos: Rubens Matsushita e Aurelice Vasconcelos ; sele&#xE7;&#xE3;o de imagens e poesias: Jeanitto Gentilini e Aurelice Vasconcelos ; revis&#xE3;o: Suely Bueno.</subfield>
  </datafield>
  <datafield tag="260" ind1=" " ind2=" ">
    <subfield code="a">Bras&#xED;lia :</subfield>
    <subfield code="b">Senado Federal, Secretaria Especial de Editora&#xE7;&#xE3;o e Publica&#xE7;&#xF5;es,</subfield>
    <subfield code="c">2012.</subfield>
  </datafield>
  <datafield tag="300" ind1=" " ind2=" ">
    <subfield code="a">[176 p.] :</subfield>
    <subfield code="b">principalmente il. color. ;</subfield>
    <subfield code="c">23 x 28 cm</subfield>
  </datafield>
  <datafield tag="650" ind1=" " ind2=" ">
    <subfield code="a">Cerrados</subfield>
    <subfield code="z">Brasil</subfield>
    <subfield code="x">Poesia</subfield>
  </datafield>
  <datafield tag="650" ind1=" " ind2=" ">
    <subfield code="a">Poesia brasileira</subfield>
  </datafield>
  <datafield tag="700" ind1="1" ind2=" ">
    <subfield code="a">Matsushita, Rubens</subfield>
    <subfield code="e">fotografia</subfield>
  </datafield>
  <datafield tag="700" ind1="1" ind2=" ">
    <subfield code="a">Vasconcelos, Aurelice</subfield>
    <subfield code="e">fotografia</subfield>
  </datafield>
  <datafield tag="856" ind1="4" ind2=" ">
    <subfield code="u">https://livraria.senado.leg.br/vida-uma-poesia-ao-cerrado</subfield>
    <subfield code="y">Dispon&#xED;vel tamb&#xE9;m online.</subfield>
    <subfield code="9">14/12/2023</subfield>
  </datafield>
  <datafield tag="942" ind1=" " ind2=" ">
    <subfield code="2">udc</subfield>
    <subfield code="c">LV</subfield>
  </datafield>
  <datafield tag="952" ind1=" " ind2=" ">
    <subfield code="0">0</subfield>
    <subfield code="1">0</subfield>
    <subfield code="2">udc</subfield>
    <subfield code="4">0</subfield>
    <subfield code="7">0</subfield>
    <subfield code="a">BIBTCEMT</subfield>
    <subfield code="b">BIBTCEMT</subfield>
    <subfield code="d">2023-12-14</subfield>
    <subfield code="l">0</subfield>
    <subfield code="o">82-1(817.2) B823v</subfield>
    <subfield code="p">BIBTCEMT23120527</subfield>
    <subfield code="r">2023-12-14</subfield>
    <subfield code="t">Ex. 1</subfield>
    <subfield code="w">2023-12-14</subfield>
    <subfield code="y">LV</subfield>
  </datafield>
  <datafield tag="999" ind1=" " ind2=" ">
    <subfield code="c">1550</subfield>
    <subfield code="d">1550</subfield>
  </datafield>
</record>
